000 00299nam a22001337a 4500
008 181102b xxu||||| |||| 00| 0 eng d
020 _a97 8031 4642 844
041 _aeng
080 _a101
100 _a24
101 _aFIL
245 _aBasic Logic
_cYanal,R.J
942 _2udc
_cBK
999 _c51735
_d51735